000
00332 a2200157 4500
001
60583
020
_a
040
_c
Anchieta - Pituba
100
_a
Cravalho Neto, Zeferino de
240
1
0
_a
E agora, professor?
_l
por
245
1
0
_a
E agora, professor?
300
_a
240
362
0
_a
1997
650
4
_a
Educação
942
_c
BK
999
_c
60583
_d
60583